000 01291nam a2200229Ia 4500
003 Ost
005 20260507075045.0
008 260507s9999||||xx |||||||||||||| ||und||
040 _cfsecg
041 _aara
082 _a330
100 _aالدهراوي، كمال الدين
_eمؤلف
245 0 _aالمحاسبة المتوسطة :
_bمدخل نظري تطبيقي /
_c كمال الدين الدهراوي
260 _aالاسكندرية:
_bدار المعرفة الجامعية,
_c2000
300 _a491 صفحة؛
_bإيضاحات ؛
_c24 سم
520 _aالاطار المفاهيمي للمحاسبة والقوائم المالية-قائمة الدخل وقائمة الأرباح المحتجزة-الميزانية العمومية-قائمة التدفقات النقدية-النقدية والاستثمارات قصيرة الأجل-المدنيين وأوراق القبض-جرد وتقييم المخزون السلعي-الايرادات ومشاكل الاعتراف بها-الاعتراف بالايرادات خلال الانتاج عقود المقاولات طويلة
653 _aالاستثمار
653 _aالمحاسبة
653 _aالنقود
700 _aهلال، عبد الله
_eمؤلف ثانوي
942 _cكتاب
999 _c42554
_d42554